| 000 | 00608nam a22001937a 4500 | ||
|---|---|---|---|
| 005 | 20250902163345.0 | ||
| 010 | _aENG-146569 | ||
| 020 |
_c300.00 _a9789348521965(Vol 1) |
||
| 035 | _aEN-130101 | ||
| 037 | _bDBAD | ||
| 082 |
_a796.5220924 _21 |
||
| 245 |
_aHandbook of Mountaineering: _bSahyadri & Rock Climbing/ |
||
| 250 | _a1 | ||
| 260 |
_aShaniwar Peth _bRohan Prakashan _c2025 |
||
| 270 |
_aDhavalgiri Apartments, 430 Shaniwar Peth _bPune _e411030 _mrohanprakashan@gmail.com _k02223892378 |
||
| 300 |
_a211p. _c21cm(pb) _bIndex |
||
| 490 | _v1 | ||
| 942 |
_2ddc _cEN _mHAN _h796.5220924 |
||
| 999 |
_c213259 _d213259 |
||